Theologie del Alten Testaments in Grundzügen

Saved in:
Bibliographic Details
Main Author: Westermann, Claus (Author)
Format: Book
Language:German
Published: Gotinga Vandenhoeck & Ruprecht 1985
Edition:1a. ed
Subjects:
Tags: Add Tag
No Tags, Be the first to tag this record!

MARC

LEADER 00000cam a2200000 a 4500
001 UCE7613
003 CL-VaPUC
008 150626e19850000gw |||||||||||||||||ger|d
020 |a 3525516614 
082 0 4 |a 221  |b WES  |2 21 
100 0 |a Westermann, Claus  |e author  |9 580288 
245 1 0 |a Theologie del Alten Testaments in Grundzügen 
250 |a 1a. ed 
300 |a 222 p 
942 |c BK 
945 |d 20150626 15:30:00  |a gsalatino 
260 |a Gotinga  |b Vandenhoeck & Ruprecht   |c 1985 
600 0 7 |a BIBLIA  |2 CL-VaPUC  |9 399806 
650 0 |a Antiguo testamento   |9 313678 
650 0 |a Textos sagrados   |9 257605 
583 |a last modification  |c 20150626 15:30:00  |k Rodrigo Vera 
999 |c 359668  |d 359666 
952 |0 0  |1 0  |3 erb  |4 0  |6 221_000000000000000_WES_1985  |7 0  |8 A  |9 469062  |a BIBTEO  |b BIBTEO  |e Casale Rolle, Carlos Ignacio, -2014  |i 5181909  |o 221 WES 1985  |p 5181909  |r 2025-01-17  |w 2019-11-23  |y BK  |z Catalogado en:20150626  |k ICR